Statistics for I Knew You Were Trouble (TV) - Taylor Swift (All Lyrics)

Click here to take the quiz!

General Stats

  • This quiz has been taken 61 times
  • The average score is 372 of 422

Answer Stats

Lyrics% Correct
a
100%
A
100%
(I
100%
I
100%
in
100%
knew
100%
me
100%
me,
100%
on
100%
Trouble,
100%
(Trouble)
100%
trouble
100%
trouble,
100%
walked
100%
were
100%
when
100%
you
100%
You
100%
e
98%
oh
98%
Oh,
98%
(Oh)
98%
shame
98%
the
98%
No
96%
Now
96%
now
96%
to
96%
And
94%
and
94%
be
94%
never
94%
(Never
94%
places
94%
been)
92%
been
92%
He
92%
he
92%
I'm
92%
cold
90%
ground
90%
your
90%
found
88%
hard
88%
hard,
88%
is
88%
So
88%
lyin'
86%
Once
86%
that
86%
That
86%
time,
86%
was
86%
mistakes
84%
upon
84%
ago
82%
few
82%
gone
82%
long
82%
yeah
80%
(Yeah)
80%
'Cause
78%
I'd
78%
realize
78%
alone
76%
blame
76%
didn't
74%
got
74%
see,
74%
see
74%
took
74%
back
72%
guess
72%
her
72%
he's
72%
joke
72%
next
72%
care
70%
down,
70%
fell
70%
or
70%
Or
70%
You're
70%
you're
70%
it
68%
liked
68%
without
68%
Without
68%
anyone
66%
know
66%
loved
66%
put
66%
step
66%
all
64%
anything,
64%
cry
64%
Flew
64%
ever
60%
I'll
60%
met
60%
why
60%
places
58%
drowning,
56%
drowning
56%
'Til
56%
Comes
54%
reason
54%
sights,
54%
creepin'
52%
from
50%
fear
48%
moved
48%
saddest
48%
doesn't
46%
street
46%
belt
42%
he'll
42%
new
42%
whispers
42%
apologies,
40%
heard
40%
notch
40%
Pretends
40%
hey
36%
there)
36%
ing
34%
(Woah)
26%
right
22%

Score Distribution

Percentile by Number Answered

Percent of People with Each Score

Your Score History

You have not taken this quiz